[Event "AUS-ch U12"]
[Site "Canberra"]
[Date "2007.01.19"]
[Round "5"]
[White "Nakauchi, Kenji"]
[Black "Zhang, Taiyang"]
[Result "0-1"]
[WhiteElo "604"]
[BlackElo "1138"]
[PlyCount "58"]
[EventDate "2007.01.14"]
[EventType "swiss"]
[EventRounds "11"]
[EventCountry "AUS"]
[SourceTitle "EXT 2008"]
[Source "ChessBase"]
[SourceDate "2007.11.25"]
[SourceVersion "1"]
[SourceVersionDate "2007.11.25"]
[SourceQuality "1"]

1. e4 c5 2. Nc3 e6 3. Nf3 a6 4. d4 cxd4 5. Nxd4 g6 6. Nf3 Bg7 7. Bd2 Nc6 8. Bc4 b5 9. Be2 Nge7 10. Bf4 0-0 11. Bd6 Re8 12. e5 Nf5 13. 0-0 Nxd6 14. exd6 f5 15. a3 Bb7 16. Qd2 Rc8 17. h3 Na5 18. Rfe1 Nc4 19. Bxc4 Rxc4 20. Qd3 Qa8 21. b3 Rxc3 22. Qd1 Bxf3 23. gxf3 Rxf3 24. Ra2 Rxh3 25. Kf1 Rh1+ 26. Ke2 Qe4+ 27. Kd2 Rxe1 28. Qxe1 Bc3+ 29. Kc1 Qxe1# 0-1

[Event "AUS-ch U12"]
[Site "Canberra"]
[Date "2007.01.14"]
[Round "1"]
[White "Zhang, Taiyang"]
[Black "Louie, Jared"]
[Result "1-0"]
[WhiteElo "1138"]
[BlackElo "330"]
[PlyCount "31"]
[EventDate "2007.01.14"]
[EventType "swiss"]
[EventRounds "11"]
[EventCountry "AUS"]
[SourceTitle "EXT 2008"]
[Source "ChessBase"]
[SourceDate "2007.11.25"]
[SourceVersion "1"]
[SourceVersionDate "2007.11.25"]
[SourceQuality "1"]

1. e4 e5 2. Nf3 Nc6 3. Bb5 d6 4. 0-0 Bd7 5. c3 Nf6 6. Re1 g6 7. d4 Bg4 8. d5 Bxf3 9. Qxf3 Qd7 10. dxc6 bxc6 11. Qxf6 Rg8 12. Bc4 d5 13. exd5 cxd5 14. Bxd5 Be7 15. Rxe5 Kf8 16. Qxf7# 1-0

[Event "Belconnen op"]
[Site "Belconnen"]
[Date "2005.09.02"]
[Round "9"]
[White "Hummel, Mark"]
[Black "Zhang, Taiyang"]
[Result "1-0"]
[WhiteElo "1650"]
[BlackElo "817"]
[PlyCount "79"]
[EventDate "2005.07.08"]
[EventType "swiss"]
[EventRounds "11"]
[EventCountry "AUS"]
[SourceTitle "EXT 2007"]
[Source "ChessBase"]
[SourceDate "2006.11.23"]
[SourceVersion "1"]
[SourceVersionDate "2006.11.23"]
[SourceQuality "1"]

1. d4 Nf6 2. Nf3 e6 3. Bg5 h6 4. Bh4 Be7 5. e3 0-0 6. Bd3 d5 7. 0-0 Nbd7 8. Nbd2 a6 9. c3 c5 10. Qe2 c4 11. Bc2 b5 12. e4 dxe4 13. Nxe4 Nd5 14. Bg3 f5 15. Nd6 N7b6 16. Nxc8 Rxc8 17. Qxe6+ Kh8 18. Ne5 Qe8 19. Ng6+ Kh7 20. Nxf8+ Bxf8 21. Bxf5+ g6 22. Rfe1 Qxe6 23. Bxe6 Re8 24. Bg8+ Kxg8 25. Rxe8 Ne7 26. Re1 Kf7 27. Rxf8+ Kxf8 28. Bd6 Nbd5 29. f3 Kf7 30. Rxe7+ Nxe7 31. Bxe7 Kxe7 32. Kf2 a5 33. g3 Ke6 34. Ke3 Kf5 35. g4+ Ke6 36. Ke4 Kd6 37. h4 Ke6 38. f4 Kd6 39. h5 g5 40. fxg5 1-0

[Event "Belconnen op"]
[Site "Belconnen"]
[Date "2005.08.05"]
[Round "5"]
[White "Zhang, Taiyang"]
[Black "Dunn, Paul1111"]
[Result "1/2-1/2"]
[WhiteElo "817"]
[BlackElo "1218"]
[PlyCount "102"]
[EventDate "2005.07.08"]
[EventType "swiss"]
[EventRounds "11"]
[EventCountry "AUS"]
[SourceTitle "EXT 2007"]
[Source "ChessBase"]
[SourceDate "2006.11.23"]
[SourceVersion "1"]
[SourceVersionDate "2006.11.23"]
[SourceQuality "1"]

1. d4 d5 2. c4 Nf6 3. cxd5 Nxd5 4. e4 Nf6 5. Nc3 e6 6. Bg5 Be7 7. Bc4 0-0 8. Nf3 c6 9. Qd2 Qc7 10. h4 Rd8 11. Bf4 Qb6 12. a3 c5 13. Nb5 a6 14. Bc7 Qc6 15. d5 exd5 16. exd5 Rxd5 17. Bxd5 Qxd5 18. Qxd5 Nxd5 19. Bxb8 Rxb8 20. Nc3 Nxc3 21. bxc3 Bf6 22. Rc1 Be6 23. 0-0 b5 24. Rfd1 Rb6 25. Rb1 h6 26. a4 Bf5 27. a5 Rc6 28. Rbc1 Bg4 29. Rd3 Be6 30. Rcd1 Bb3 31. Rd6 Rxd6 32. Rxd6 Bxc3 33. Rxa6 Ba4 34. Ra8+ Kh7 35. a6 b4 36. a7 Bc6 37. Rc8 Be4 38. a8Q Bxa8 39. Rxa8 b3 40. Rb8 Bb4 41. Rxb4 cxb4 42. Nd2 b2 43. Kf1 Kg6 44. g4 Kf6 45. Ke2 Ke6 46. f4 f5 47. g5 hxg5 48. hxg5 Kd5 49. Kd3 g6 50. Nb1 Kc5 51. Nd2 Kd5 1/2-1/2